Statistiques concernant Les îles les plus peuplées d'Europe

Cliquez ici pour prendre le quiz!

Statistiques générales

  • Ce quiz a été pris 224 fois
    (218 depuis la dernière actualisation)
  • Le résultat moyen est 9 sur 15

Statistiques - réponses

PopulationIle% Correct
279 000Corse
97%
5 900 000Irlande
97%
58 600 000Grande-Bretagne
96%
4 950 000Sicile
95%
1 625 000Sardaigne
94%
406 000Malte
91%
309 700Islande
88%
623 666Crête
84%
778 000Majorque
73%
2 115 317Seeland
24%
218 032Eubée
22%
447 060Fyn
12%
160 064Amager
5%
202 000Vassilievski
3%
306 373Vendsyssel-Thy
3%

Distribution des résultats

Percentile par nombre de réponses

% des personnes avec chaque résultat

Votre développement - résultats

Vous n’avez pas pris ce quiz depuis la dernière actualisation